LEADER 01057nam a2200193 i 4500 001 000000252758 003 CaOOAMICUS 005 20170202000000.0 008 170202s1750 it u000 u ita u 013 $a231663 026 $avivi e-di u-he bite (3) 1750 (R) 040 $aSeMil$bita 245 10$aTomo 3. 300 $a[4], 302, [2] p. 500 $aSegn.: pg2 A-T8 (T8 bianca). 773 0 $aServiez, Jacques Roergas : de <1679-1727>$tImperadrici romane, overo la storia della vita, e de' maneggi segreti delle mogli de' dodici Cesari, di quelle degl'imperadori di Roma, e delle principesse del loro sangue. Nella quale si scorgono li punti pił importanti della storia romana tratta dagli antichi storici greci, e latini, ed arricchita di note storiche, e critiche. Tradotta dal francese in italiano. Tomo 1. [-3.].$dIn Napoli : Appresso Benedetto, ed Ignazio Gessari, 1749-1750.$g3$w()13337 850 $aSeMil 852 $aSeMil$W1$xVenegono$y1$m3S VII 52 FA$j203104$B203104$CSeMilBibl$Z2$F215823 $8I 996 $6245$aTomo 3$9(OLS)http://semarc/title/53129 LEADER 01195nam a2200253 i 4500 001 000000122899 003 CaOOAMICUS 005 20040211000000.0 008 040211s1991 it u000 u ita u 013 $a95594 040 $aSeMil$bita 245 13$aIl Veneto nel Medioevo :$bdai comuni cittadini al predominio scaligero nella Marca /$ca cura di Andrea Castagnetti e Gian Varanini Maria. 260 $a[Verona] :$bBanca Popolare di Verona,$ccopyr. 1991. 300 $aXVI, 591 p. :$briccamente ill., tabelle ;$c32 cm. 500 $aIn custodia. - Fondo Card. C.M. Martini. 650 4$aVeneto - Storia - Sec. 11.-14.$0(OLS)http://semarc/subject/23355 700 1 $aVaranini, Gian Maria,$d<1950- >.$0(OLS)http://semarc/name/5294 700 1 $aCastagnetti, Andrea.$0(OLS)http://semarc/name/5293 850 $aSeMil 852 $aSeMil$W1$xVenegono$y1$m5G VII 11$j77724$B77724$CSeMilBibl$Z2$F79866 $8I 941 1 $a4 961 $aOmaggio: Martini Card. Carlo Maria 996 $6245$aIl Veneto nel Medioevo :$bdai comuni cittadini al predominio scaligero nella Marca$9(OLS)http://semarc/title/180832 996 $6260$a[Verona] :$bBanca Popolare di Verona$9(OLS)http://semarc/publisher/33006